000 01500nam a2200337 a 4500
001
003 DO-SdBNP
005 20220303093858.0
008 101013s1986 dr a 000 0bspa d
040 _aDO-SdBNP
_bspa
_cBPMSU
082 _a923.9
_bC719T, 1986
_222
100 1 _aTejera, D. Emilio,
_d1841-1923
245 1 4 _aLos restos de Colón en Santo Domingo ;
_bLos dos restos de Cristóbal Colón /
_cD. Emilio Tejera ; introducción Pedro Troncoso Sánchez ; prólogo Federico Henríquez y Carvajal].
260 _aSanto Domingo :
_bSociedad Dominicana de Bibliófilos,
_c1986.
300 _a316 p. :
_bil. ;
_c24 cm.
500 _aIncluye indíce onomástico: p. 299-311.
500 _aIncluye una hoja plegable con las inscripciones que presenta la tapa de la caja de plomo, exterior e interior
500 _aIncluye referencias bibliográficas y notas al pie de las páginas.
500 _aPublicado con: Los dos restos de Cristóbal Colón
533 _aBasada en la tercera edición de 1928.
563 _aDos obras encuadernadas juntas con paginación continua
590 _6Inventariado, 2021/VM
600 1 4 _aColón, Cristobal
_d1451?-1506
650 4 _aRepública dominicana
_xHistoria
700 1 _aTejera, D. Emilio,
_d1841-1923
_tLos dos restos de Cristóbal Colón
700 1 _aHenríquez y Carvajal, Federico,
_d1859-1935
_epról.
700 1 _aTroncoso Sánchez, Pedro
710 _aSociedad Dominicana de Bibliófilos,
910 _aVMateo V.
942 _2ddc
_cBK
999 _c13668
_d13668